000 00560nam a2200181 a 4500
005 20140310183201.0
008 021217s19uu xx 00 eng d
020 _a0781717760
050 _aRB 40
_b.C576 2000
245 _aClinical Chemistry :
_bprinciples, procedures correlation /
_cMichael L. Bishop, editor.
250 _a4th
260 _aPhiladelphia :
_bWolters Kluwer Health/Lippincott Williams & Wilkins,
_c2000.
300 _a682 p. :
_bill. ;
_c25 cm.
521 _aNUR
650 _aClinical chemistry
942 _cBK
_2lcc
_kFOR
999 _c19874
_d19874